A carregar...
Political economy of contemporary capitalism and its crisis
| Autor principal: | |
|---|---|
| Formato: | Printed Book |
| Publicado em: |
London
Routledge
2013
|
| Assuntos: |
| LEADER | 00449nam a22001217a 4500 | ||
|---|---|---|---|
| 082 | |a 330.122 |b SOT.P | ||
| 100 | |a Dimitris P Sotiropoulos | ||
| 245 | |a Political economy of contemporary capitalism and its crisis | ||
| 260 | |a London |b Routledge |c 2013 | ||
| 650 | |a Political economy |a Capitalism | ||
| 942 | |c BK | ||
| 999 | |c 974 |d 974 | ||
| 952 | |0 0 |1 0 |4 0 |6 330_122000000000000_SOT_P |7 0 |8 NFIC |9 963 |a CAMPUS |b CAMPUS |d 2014-12-22 |l 0 |o 330.122 SOT.P |p 19848 |r 2014-12-22 |w 2014-12-22 |y BK | ||